000 00663nam a2200253Ia 4500
003 OSt
005 20221007071044.0
006 a|||||r|||| 00| 0
007 ta
008 221006b |||||||| |||| 00| 0 eng d
024 _a39,290
037 _cTextual
040 _aFLL
_cFLL
_beng
041 _2eng
_aeng
082 _aZ2,5, Q3.2
100 _aSarkar
_9104788
245 0 _aIndian penal code 1860 (Secs. 307 to end )
260 _aKolkata
_bKamal Law House India
_c2013
300 _ad.p.
_ccm.
490 _vVol.-II
700 _a Khastgir
_9688047
942 _hZ2,5, Q3.2
_cTEXL
_2CC
999 _c1142311
_d1142311